Η ζωή και το έργο του αρχιτέκτονα Λύσανδρου Καυταντζόγλου (1811-1885) : το ιστορικό αποτύπωμα ως οδηγός συνεκδοχικών παρεμβάσεων και διαμεσολαβήσεων με το παρόν
Αποθηκεύτηκε σε:
| Κύριος συγγραφέας: | |
|---|---|
| Μορφή: | Βιβλίο |
| Γλώσσα: | Greek |
| Δημοσίευση: |
Αθήνα :
Υπουργείο Πολιτισμού : Πολιτιστικό Τεχνολογικό Ίδρυμα ΕΤΒΑ,
c1995.
|
| Θέματα: | |
| Ετικέτες: |
Προσθήκη ετικέτας
Δεν υπάρχουν, Καταχωρήστε ετικέτα πρώτοι!
|
MARC
| LEADER | 00000cam a2200000 i 4500 | ||
|---|---|---|---|
| 001 | 1/12428 | ||
| 008 | 110314s1995 gr | ||| |||| ||gre|| | ||
| 020 | |a 9602440341 | ||
| 035 | |l 10109784 | ||
| 040 | |a GR-MyUa |b gre |e AACR2 | ||
| 041 | 0 | |a gre | |
| 082 | 7 | |a 720.92 |2 (22) | |
| 100 | 1 | |a Φιλιππίδης, Δημήτρης, |d 1938- | |
| 245 | 1 | 2 | |a Η ζωή και το έργο του αρχιτέκτονα Λύσανδρου Καυταντζόγλου (1811-1885) : |b το ιστορικό αποτύπωμα ως οδηγός συνεκδοχικών παρεμβάσεων και διαμεσολαβήσεων με το παρόν / |c Δημήτρης Φιλιππίδης. |
| 246 | 1 | |i Τίτλος εξωφύλλου: |a Λύσανδρος Καυταντζόγλου | |
| 260 | |a Αθήνα : |b Υπουργείο Πολιτισμού : |b Πολιτιστικό Τεχνολογικό Ίδρυμα ΕΤΒΑ, |c c1995. | ||
| 300 | |a 374 σ. : |b εικ. ; |c 28 εκ. | ||
| 504 | |a Βιβλιογραφία: σ. 349-354. Ευρετήριο. | ||
| 600 | 1 | 0 | |a Καυταντζόγλου, Λύσανδρος Μ., |d 1811-1885. |
| 650 | 0 | |a Neoclassicism (Architecture) |z Greece. | |
| 650 | 0 | |a Architecture |z Greece |x History |y 19th century. | |
| 650 | 0 | |a Architects |z Greece |x Biography. | |
| 852 | |a INST |b SYROS |e 20110314 |h 720.92 ΦΙΛ |p 005500009285 |q 005500009285 |t BK |y 0 | ||
| 901 | |a BIBL5-2011-1 | ||
| 970 | |a Κοντού |b Παρασκευή |z 14/03/2011 | ||